A spiral of falling prices (Record no. 81310)
[ view plain ]
| 000 -LEADER | |
|---|---|
| fixed length control field | 00906cab a22002055a 4500 |
| 001 - CONTROL NUMBER | |
| control field | L146847 |
| 008 - FIXED-LENGTH DATA ELEMENTS--GENERAL INFORMATION | |
| fixed length control field | 090304e20090228xxk f 000 0 eng d |
| 035 ## - SYSTEM CONTROL NUMBER | |
| System control number | (Sirsi) u146847 |
| 041 0# - LANGUAGE CODE | |
| Language code of text/sound track or separate title | eng |
| 100 1# - MAIN ENTRY--PERSONAL NAME | |
| Personal name | Herbert-Smith, Martyn |
| 245 02 - TITLE STATEMENT | |
| Title | A spiral of falling prices |
| 260 ## - PUBLICATION, DISTRIBUTION, ETC. | |
| Date of publication, distribution, etc. | 2009 |
| 490 #0 - SERIES STATEMENT | |
| Series statement | Estates Gazette |
| Volume/sequential designation | (0908) 28 January 2009, 106-108(2) |
| 520 ## - SUMMARY, ETC. | |
| Summary, etc. | Reveals that property funds have become more popular investment vehicles, but that poor performance has had a severe effect on property prices. Considers what the key issues are for investors and investment funds and discusses the types of claim that may be brought against advisers. Concludes that investor claims might well increase due to the economic downturn. |
| 590 ## - LOCAL NOTE (RLIN) | |
| Local note | KA |
| 651 #4 - SUBJECT ADDED ENTRY--GEOGRAPHIC NAME | |
| Geographic name | United Kingdom |
| Chronological subdivision | |
| 690 ## - LOCAL SUBJECT ADDED ENTRY--TOPICAL TERM (OCLC, RLIN) | |
| Topical term or geographic name as entry element | PROPERTY-COMMERCIAL PROPERTY-COMMERCIAL PROPERTY MARKET |
| 700 1# - ADDED ENTRY--PERSONAL NAME | |
| Personal name | Pemberton, Simon |
| 942 ## - ADDED ENTRY ELEMENTS (KOHA) | |
| Suppress in OPAC | 0 |
| Withdrawn status | Lost status | Source of classification or shelving scheme | Damaged status | Not for loan | Home library | Current library | Shelving location | Date acquired | Total Checkouts | Full call number | Barcode | Date last seen | Copy number | Price effective from | Koha item type |
|---|---|---|---|---|---|---|---|---|---|---|---|---|---|---|---|
| Dewey Decimal Classification | London | London | Journal article | 04/03/2009 | L146847 | 146847-1001 | 06/08/2019 | 1 | 06/08/2019 | Journal article |